Culture géniale - Statistiques

Statistiques générales
  • Ce quiz a été pris 186 fois
  • Le résultat moyen est 10 sur 15
Statistiques - réponses
Question Réponse % Correct
Capitale du Venezuela ? Caracas
100%
Parmi les villes suivantes laquelle est à la fois en Asie et en Europe Istanbul
100%
Combien y'a t il d'éléments dans le tableau périodique des éléments ? 118
80%
Qui a nationalisé le canal de Suez ? Gamal Abdel Nasser
80%
Qui a été le premier Président des Etats-Unis ? George Washington
80%
Qui a écrit Madame Bovary ? Gustave Flaubert
80%
Quelle région d'Ukraine la Russie a t elle annexée en 2014 ? La Crimée
80%
Quelle est la première ville à s'être dotée d'un métro ? Londres
80%
En quelle année Charlemagne est il sacré empereur ? 800
60%
Qui a dirigé l'Egypte entre 1956 et 1970 ? Gamal Abdel Nasser
60%
Où est né Mozart ? Salzbourg
60%
Combien d'îles (de plus de 100 m²) composent le Japon 6 852
40%
Quel est le pays musulman le plus peuplé du monde ? Indonésie
40%
Dans quel état des Etats-Unis le Grand Canyon se trouve-t-il ? Colorado
20%
Quel est le plus petit pays du monde ? Nauru
0%
Aucun quiz correspondant
Distribution des résultats
% des personnes avec chaque résultat
Percentile par nombre de réponses
Votre historique - résultats
Vous n’avez pas pris ce quiz